000 00627nai a2200181Ia 4500
003 IN-BaIIA
008 211028c9999 xx s 000 0 eng d
022 _a2096-3564 (Print)
040 _cIIA Library
245 0 _aCES Transactions on Electrical Machines and Systems
_h[eJournal]
260 _aUSA
_bCES
310 _aQuarterly
362 _a1(1); 2017 - Present
521 _bSubscribed through National Knowledge Resource Consortium (NKRC)
650 _aPower, Energy and Industry Applications
_948799
856 _uhttps://ieeexplore.ieee.org/servlet/opac?punumber=7873789
_yClick Here to Access eJournal
942 _cEJ
999 _c34152
_d34152